[Event "Armavir Kovcheg Rating"]
[Site "Armavir"]
[Date "2008.11.18"]
[Round "6"]
[White "Magomedov, Murad"]
[Black "Apalev, Sergey"]
[Result "1/2-1/2"]
[WhiteElo "2308"]
[BlackElo "2225"]
[PlyCount "66"]
[EventDate "2008.11.14"]
[EventType "tourn"]
[EventRounds "9"]
[EventCountry "RUS"]
[EventCategory "4"]
[SourceTitle "EXT 2022"]
[Source "ChessBase"]
[SourceDate "2021.10.06"]
[SourceVersion "1"]
[SourceVersionDate "2021.10.06"]
[SourceQuality "1"]

1. d4 d6 2. e4 g6 3. Nc3 Bg7 4. Be3 c6 5. Qd2 b5 6. Bd3 Nd7 7. Nf3 Ngf6 8. Bh6 0-0 9. Bxg7 Kxg7 10. a4 b4 11. Ne2 a5 12. 0-0 e5 13. c3 c5 14. Rad1 Qc7 15. h3 Ba6 16. Bxa6 Rxa6 17. Ng3 bxc3 18. bxc3 cxd4 19. cxd4 Qc6 20. dxe5 Nxe5 21. Nxe5 dxe5 22. Ra1 Nxe4 23. Nxe4 Qxe4 24. Rfe1 Qd4 25. Qc2 f6 26. Rad1 Qa7 27. Rd5 Rf7 28. Qd2 Qb6 29. Rb5 Qd4 30. Qxd4 exd4 31. Rd5 Rb6 32. Rxd4 Rb4 33. Red1 Rfb7 1/2-1/2

[Event "Maikop op"]
[Site "Maikop"]
[Date "2004.04.??"]
[Round "5"]
[White "Baranov, Grigory"]
[Black "Apalev, Sergey"]
[Result "0-1"]
[WhiteElo "2340"]
[BlackElo "2255"]
[PlyCount "104"]
[EventDate "2004.04.??"]
[EventType "swiss"]
[EventRounds "9"]
[EventCountry "RUS"]
[SourceTitle "EXT 2006"]
[Source "ChessBase"]
[SourceDate "2005.11.24"]
[SourceVersion "1"]
[SourceVersionDate "2005.11.24"]
[SourceQuality "1"]

1. e4 c5 2. Nf3 d6 3. c3 Nf6 4. Bc4 e6 5. 0-0 Nxe4 6. Bxe6 Bxe6 7. Qa4+ Nc6 8. Qxe4 d5 9. Qa4 Bd6 10. d4 cxd4 11. Nxd4 0-0 12. Nb5 Bb8 13. Be3 a6 14. Nd4 Ne5 15. Bf4 b5 16. Qd1 Bg4 17. Qc2 Qf6 18. Bg3 h5 19. h3 Bd7 20. Nd2 Ba7 21. N2b3 Nc4 22. Rfe1 Rfe8 23. Rad1 h4 24. Bc7 Rac8 25. Rxe8+ Rxe8 26. Nd2 Bxd4 27. Nxc4 Bf5 28. Qd2 Bxc3 29. bxc3 dxc4 30. Bd8 Qe6 31. Bxh4 Bd3 32. Bg3 Qg6 33. Qf4 f6 34. Bh4 Qe4 35. Bg3 Qe2 36. Rd2 Qe1+ 37. Kh2 g5 38. Qxf6 Qxd2 39. f4 Qe3 40. Qxg5+ Kf7 41. Bh4 Qe6 42. Qc5 Bf5 43. Bf2 Qe4 44. Qa7+ Re7 45. Qxa6 Bd7 46. Qh6 Bc6 47. Qg5 Qg6 48. Qxg6+ Kxg6 49. g4 b4 50. f5+ Kf7 51. g5 Re2 52. Kg3 Rxf2 0-1

[Event "Maikop op"]
[Site "Maikop"]
[Date "2004.04.??"]
[Round "1"]
[White "Brodsky, Michail"]
[Black "Apalev, Sergey"]
[Result "1-0"]
[WhiteElo "2559"]
[BlackElo "2255"]
[PlyCount "47"]
[EventDate "2004.04.??"]
[EventType "swiss"]
[EventRounds "9"]
[EventCountry "RUS"]
[SourceTitle "EXT 2006"]
[Source "ChessBase"]
[SourceDate "2005.11.24"]
[SourceVersion "1"]
[SourceVersionDate "2005.11.24"]
[SourceQuality "1"]

1. e4 c5 2. Nf3 d6 3. d4 cxd4 4. Nxd4 Nf6 5. f3 e5 6. Nb3 d5 7. Bg5 Be6 8. Bxf6 gxf6 9. exd5 Qxd5 10. Qxd5 Bxd5 11. Nc3 Bxb3 12. axb3 Bb4 13. 0-0-0 Bxc3 14. bxc3 Ke7 15. Bd3 Nd7 16. Bf5 Nc5 17. Rd5 Ne6 18. Rhd1 Nf8 19. c4 Rg8 20. g3 h6 21. c5 a5 22. Rd6 Rb8 23. Rb6 Rg5 24. g4 1-0

[Event "Sarkisov Memorial op"]
[Site "Krasnodar"]
[Date "2002.??.??"]
[Round "?"]
[White "Emelianov, Sergey"]
[Black "Apalev, Sergey"]
[Result "1/2-1/2"]
[WhiteElo "2287"]
[BlackElo "2250"]
[PlyCount "36"]
[EventDate "2002.04.??"]
[EventType "swiss"]
[EventRounds "9"]
[EventCountry "RUS"]
[SourceTitle "EXT 2003"]
[Source "ChessBase"]
[SourceDate "2002.11.25"]
[SourceVersion "1"]
[SourceVersionDate "2002.11.25"]
[SourceQuality "1"]

1. d4 Nf6 2. c4 c5 3. e3 cxd4 4. exd4 d5 5. Nc3 g6 6. cxd5 Nxd5 7. Bc4 Be6 8. Qb3 Nxc3 9. Bxe6 fxe6 10. bxc3 Qd5 11. Nf3 Bg7 12. 0-0 Qxb3 13. axb3 Kd7 14. Re1 Nc6 15. Ng5 Nd8 16. Ne4 b6 17. Re2 h6 18. Rd2 Nc6 1/2-1/2

[Event "Slaviansk na Kubani op"]
[Site "Slaviansk na Kubani"]
[Date "2002.??.??"]
[Round "?"]
[White "Panarin, Mikhail"]
[Black "Apalev, Sergey"]
[Result "1/2-1/2"]
[WhiteElo "2413"]
[BlackElo "2301"]
[PlyCount "66"]
[EventDate "2002.??.??"]
[EventType "swiss"]
[EventRounds "9"]
[EventCountry "RUS"]
[SourceTitle "EXT 2003"]
[Source "ChessBase"]
[SourceDate "2002.11.25"]
[SourceVersion "1"]
[SourceVersionDate "2002.11.25"]
[SourceQuality "1"]

1. e4 c5 2. Nf3 d6 3. d4 cxd4 4. Nxd4 Nf6 5. Nc3 a6 6. f3 e5 7. Nb3 Be6 8. Be3 Nbd7 9. Qd2 Qc7 10. g4 h6 11. 0-0-0 b5 12. Kb1 Rb8 13. Nd5 Bxd5 14. exd5 Nb6 15. Bxb6 Rxb6 16. h4 g6 17. Bd3 Nxd5 18. Bxg6 Nf4 19. Bf5 b4 20. Rhe1 Be7 21. Re4 Kf8 22. Rxb4 Kg7 23. Rxb6 Qxb6 24. Nc1 Rb8 25. b3 a5 26. Nd3 Nxd3 27. Qxd3 a4 28. Be4 axb3 29. cxb3 Qf2 30. h5 Rb4 31. Qc2 Qe3 32. Qd2 Qb6 33. Qc2 Qe3 1/2-1/2